[Event "Guillermo Garcia Memorial op 26th"]
[Site "Santa Clara"]
[Date "2017.05.18"]
[Round "3"]
[White "Ruiz, Luis"]
[Black "Martinez Ramirez, Lennis"]
[Result "1-0"]
[WhiteElo "2193"]
[BlackElo "2392"]
[PlyCount "87"]
[EventDate "2017.05.16"]
[EventType "swiss"]
[EventRounds "9"]
[EventCountry "CUB"]
[SourceTitle "CBM 178 Extra"]
[Source "ChessBase"]
[SourceDate "2017.06.22"]
[SourceVersion "1"]
[SourceVersionDate "2017.06.22"]
[SourceQuality "1"]

1. d4 Nf6 2. Nf3 c5 3. c4 cxd4 4. Nxd4 e5 5. Nb5 d6 6. N1c3 Be6 7. Nd5 Nxd5 8. cxd5 Bd7 9. e4 Be7 10. Be3 0-0 11. Qd2 a6 12. Nc3 b5 13. Bd3 b4 14. Ne2 a5 15. 0-0 Na6 16. Ng3 Nc5 17. Be2 Bh4 18. f3 g6 19. Rac1 Rc8 20. Rfd1 Qb6 21. Kh1 Rc7 22. Bg1 Rfc8 23. f4 Qb8 24. Bf3 exf4 25. Qxf4 Nd3 26. Qxh4 Rxc1 27. Rxd3 Qb6 28. Rd1 Qc7 29. Qf6 Rxd1 30. Bxd1 Qd8 31. Qd4 Rc1 32. Be3 Ra1 33. Bh6 f6 34. h3 Qe7 35. Kh2 Rxa2 36. Qa7 Kf7 37. e5 Bc8 38. e6+ Ke8 39. Qb8 Kd8 40. Qb6+ Ke8 41. Ne4 Bxe6 42. Nxd6+ Kd7 43. Qc6+ Kd8 44. Nb7+ 1-0

[Event "Guillermo Garcia Memorial op 24th"]
[Site "Santa Clara"]
[Date "2015.06.03"]
[Round "1"]
[White "Aguilera Rodriguez, Alfredo R"]
[Black "Ruiz, Luis"]
[Result "1-0"]
[WhiteElo "2308"]
[BlackElo "2224"]
[PlyCount "81"]
[EventDate "2015.06.03"]
[EventType "swiss"]
[EventRounds "9"]
[EventCountry "CUB"]
[SourceTitle "CBM 167 Extra"]
[Source "ChessBase"]
[SourceDate "2015.09.14"]
[SourceVersion "1"]
[SourceVersionDate "2015.09.14"]
[SourceQuality "1"]

1. c4 Nf6 2. Nf3 g6 3. Nc3 Bg7 4. g3 0-0 5. Bg2 d6 6. 0-0 Nbd7 7. d3 c6 8. Rb1 e5 9. Nd2 Re8 10. b4 Nf8 11. Nde4 Nxe4 12. Bxe4 f5 13. Bg2 e4 14. Qb3 exd3 15. e3 Qf6 16. Bb2 Qf7 17. b5 Be6 18. bxc6 bxc6 19. Bxc6 Bxc4 20. Qa3 Be5 21. Rfd1 Rac8 22. Bxe8 Qxe8 23. Na4 Nd7 24. Rbc1 d5 25. Bd4 f4 26. Nb2 fxe3 27. Bxe3 Bxb2 28. Qxb2 Ne5 29. Kg2 d4 30. Bxd4 Qc6+ 31. f3 Nxf3 32. Rxc4 Qxc4 33. Kxf3 Qd5+ 34. Ke3 Re8+ 35. Kxd3 Qe4+ 36. Kd2 Qe2+ 37. Kc1 Rc8+ 38. Bc3 Qe3+ 39. Kc2 Qe2+ 40. Kc1 Qe3+ 41. Kb1 1-0

[Event "Havana Province Oeste zt"]
[Site "Havana"]
[Date "2009.10.05"]
[Round "2"]
[White "Ruiz, Luis"]
[Black "Rey Rodriguez, Yoanky"]
[Result "0-1"]
[WhiteElo "2038"]
[BlackElo "1982"]
[PlyCount "122"]
[EventDate "2009.10.03"]
[EventType "swiss"]
[EventRounds "9"]
[EventCountry "CUB"]
[SourceTitle "EXT 2012"]
[Source "ChessBase"]
[SourceDate "2011.11.24"]
[SourceVersion "1"]
[SourceVersionDate "2011.11.24"]
[SourceQuality "1"]

1. d4 d5 2. c4 e6 3. Nf3 Nf6 4. Bg5 c6 5. e3 Nbd7 6. Nbd2 Be7 7. Bd3 0-0 8. 0-0 b6 9. Rc1 Bb7 10. cxd5 cxd5 11. Qe2 Bd6 12. e4 dxe4 13. Nxe4 Be7 14. Nxf6+ Nxf6 15. Rfd1 Bd5 16. a3 Rc8 17. Rxc8 Qxc8 18. Rc1 Qb7 19. Ne1 h6 20. Bh4 Qd7 21. Bb5 Qd8 22. Bg3 Bd6 23. Be5 Bxe5 24. Qxe5 Ng4 25. Qg3 Nf6 26. Qc7 Qa8 27. Bc6 Bxc6 28. Qxc6 Nd5 29. Nd3 Qd8 30. g3 Qg5 31. h4 Qg4 32. Qc4 Qh3 33. Ne5 Rd8 34. Qf1 Qf5 35. Qe2 Nf6 36. Nc6 Rd7 37. b4 Qh3 38. Qf3 Kh7 39. b5 Rd5 40. a4 Rf5 41. Qg2 Qg4 42. Re1 Rd5 43. f3 Qh5 44. Re5 Qg6 45. g4 Qd3 46. Qe2 Rxd4 47. Nxd4 Qxd4+ 48. Qe3 Qxa4 49. g5 Qa1+ 50. Kh2 Nd5 51. Qd3+ g6 52. Rxd5 Qa2+ 53. Kg3 exd5 54. Qd4 Qc4 55. Qxc4 dxc4 56. Kf4 hxg5+ 57. hxg5 c3 58. Ke3 Kg7 59. Kd3 f6 60. Kxc3 fxg5 61. Kd4 Kf6 0-1